000 00750cam a2200217 4500
001 WB3547-01
008 000000n1999 000 0 eng u
035 _a(Sirsi) u102949
245 _aCouncils not meeting Best Value challenge
260 _c1999
490 _aContract Journal
_v401(6253) 24 November 1999, 1(1)
520 _aGovernment plans to introduce a procurement task force to promote the Best Value regime which comes into force in four months. Only 13.7% of local authorities have a Best Value procurement strategy in place.
590 _aWB
650 _aBEST VALUE
650 _aProcurement-old
650 _aTASKFORCES
650 _aGOVERNMENT POLICY
650 _aPARTNERING
690 _aBUILT ENVIRONMENT
942 _n0
999 _c61853
_d61853